000 00962cam a22001934a 4500
005 20250605163959.0
008 250528s ||||||||||||||||||||||||d
035 _a15585
020 _a77079248
040 _aGR-AtMCL
_bgre
_dGR-AtMCL
_eAACR2
245 1 _aAn Introduction to Software Quality Assurance and its Implementation
260 _bMcgraw Hill Book Company,
_c1994
300 _a212
520 _aThis book will show you how to build up an efficient, workable system from fundamental principles through to writing procedures and gaining ISO 9001 Certification. Preface, Software Tasks, Some Quality Assurance Questions, Project Planning, Requirements Analysis, System Design, Detailed Design and Programming, Testing, Configuration Management, Process Modelling, Standards and Procedures, ISO 9001, Case Study, Improving a Quality System, Bibliography, Index.
700 1 _aDarrel Ince
_91514
942 _cBK
999 _c1155
_d1155